Testimonios de una amistad (Record no. 16675)

MARC details
000 -LEADER
campo de control de longitud fija 01138nam a2200313 i 4500
001 - NÚMERO DE CONTROL
campo de control 16675
003 - IDENTIFICADOR DE NÚMERO DE CONTROL
campo de control ES-MaACL
005 - FECHA Y HORA DE LA ÚLTIMA TRANSACCIÓN
campo de control 20230906151354.0
007 - CAMPO FIJO DE DESCRIPCIÓN FÍSICA--INFORMACIÓN GENERAL
campo de control de longitud fija t|
008 - DATOS DE LONGITUD FIJA--INFORMACIÓN GENERAL
campo de control de longitud fija 001023s1999 mx ||||1| spa d
020 ## - NÚMERO INTERNACIONAL ESTÁNDAR DEL LIBRO
Número Internacional Estándar del Libro 968-12-0965-6
080 ## - NÚMERO DE LA CLASIFICACIÓN DECIMAL UNIVERSAL
Número de la Clasificación Decimal Universal 929 Reyes, Alfonso
080 ## - NÚMERO DE LA CLASIFICACIÓN DECIMAL UNIVERSAL
Número de la Clasificación Decimal Universal 929 Cosío Villegas, Daniel
100 1# - ENTRADA PRINCIPAL--NOMBRE DE PERSONA
Nombre de persona Reyes, Alfonso,
Fechas asociadas al nombre 1889-1959
9 (RLIN) 96554
245 10 - MENCIÓN DEL TÍTULO
Título Testimonios de una amistad
Resto del título : correspondencia Alfonso Reyes-Daniel Cosío Villegas /
Mención de responsabilidad, etc. compilación de Alberto Enríquez Perea ; presentación de Javier Garciadiego.
250 ## - MENCION DE EDICION
Mención de edición 1ª ed.
260 ## - PUBLICACIÓN, DISTRIBUCIÓN, ETC.
Lugar de publicación, distribución, etc. México :
Nombre del editor, distribuidor, etc. El Colegio de México,
Fecha de publicación, distribución, etc. 1999.
300 ## - DESCRIPCIÓN FÍSICA
Extensión 256 p. ;
Dimensiones 21 cm.
490 1# - MENCIÓN DE SERIE
Mención de serie Colección Testimonios ;
Designación de volumen o secuencia 6
600 14 - PUNTO DE ACCESO ADICIONAL DE MATERIA--NOMBRE DE PERSONA
Nombre de persona Reyes, Alfonso,
Fechas asociadas al nombre 1889-1959-
Subdivisión de forma Correspondencia
9 (RLIN) 96556
600 14 - PUNTO DE ACCESO ADICIONAL DE MATERIA--NOMBRE DE PERSONA
Nombre de persona Cosío Villegas, Daniel-
Subdivisión general Correspondencia.
9 (RLIN) 40997
700 1# - ENTRADA AGREGADA--NOMBRE PERSONAL
Nombre de persona Cosío Villegas, Daniel.
9 (RLIN) 40996
700 1# - ENTRADA AGREGADA--NOMBRE PERSONAL
Nombre de persona Enríquez Perea, Alberto.
9 (RLIN) 47291
700 1# - ENTRADA AGREGADA--NOMBRE PERSONAL
Nombre de persona Garciadiego, Javier.
9 (RLIN) 55463
710 2# - ENTRADA AGREGADA--NOMBRE DE ENTIDAD CORPORATIVA
Nombre de entidad corporativa o nombre de jurisdicción como elemento de entrada Colegio de México.
9 (RLIN) 2911
830 0# - PUNTO DE ACCESO ADICIONAL DE SERIE-TÍTULO UNIFORME
Título uniforme Colección Testimonios ;
Designación de volumen o secuencia 6
9 (RLIN) 180017
852 ## - LOCALIZACIÓN
Ubicación ES-MaACL
Número de control de estantería L-23681
Sublocalización o colección R.128937
Holdings
Estatus retirado Estado de pérdida Estado de daño No para préstamo Biblioteca de origen Biblioteca actual Ubicación en estantería Fecha de adquisición Fuente de adquisición Total de préstamos Signatura topográfica completa Código de barras Visto por última vez Precio de reemplazo Tipo de ítem Koha
        Biblioteca del Ateneo de Madrid Biblioteca del Ateneo de Madrid Depósito 2 17/01/2008     L-23681 1016937 23/02/2023 23/02/2023 Libro impreso